| 000 | 00792nam a2200253Ia 4500 | ||
|---|---|---|---|
| 003 | OSt | ||
| 005 | 20220918214531.0 | ||
| 006 | a|||||r|||| 00| 0 | ||
| 007 | ta | ||
| 008 | 220917b |||||||| |||| 00| 0 eng d | ||
| 024 | _a137,884 | ||
| 037 |
_b33422, 18/07/1995, SSS _cTextual |
||
| 040 |
_aARTS _cARTS _beng |
||
| 041 |
_2eng _aeng |
||
| 082 | _aYxM64:g, N4 | ||
| 100 |
_aRray Larry J Ed. _9131635 |
||
| 245 | 0 |
_aOrganizing modernity _b new Weberian perspectives on work organization and society |
|
| 260 |
_aLondon _bRoutledge U. K. _c1994 |
||
| 300 |
_aviii,211p. _ccm. |
||
| 650 | _aSOCIOLOGY | ||
| 700 |
_a Reed Michael Ed. _9131636 |
||
| 942 |
_hYxM64:g, N4 _cTEXL _2CC |
||
| 999 |
_c260958 _d260958 |
||